Engineering Chemistry (Record no. 1213)

MARC details
000 -LEADER
fixed length control field 00437nam a22001697a 4500
005 - DATE AND TIME OF LATEST TRANSACTION
control field 20170925143639.0
008 - FIXED-LENGTH DATA ELEMENTS--GENERAL INFORMATION
fixed length control field 160520b xxu||||| |||| 00| 0 eng d
020 ## - INTERNATIONAL STANDARD BOOK NUMBER
ISBN 978-93-9216-131-7
041 ## - LANGUAGE CODE
Language code of text/sound track or separate title eng
082 ## - DEWEY DECIMAL CLASSIFICATION NUMBER
Item number 660
100 ## - MAIN ENTRY--AUTHOR NAME
Personal name Jain P.C. & Jain Monika
245 ## - TITLE STATEMENT
Title Engineering Chemistry
260 ## - PUBLICATION, DISTRIBUTION, ETC. (IMPRINT)
Place of publication New Delhi
Name of publisher Dhanpat Rai Publising Co. Pvt. Ltd.
300 ## - PHYSICAL DESCRIPTION
Number of Pages 1404
650 ## - SUBJECT ADDED ENTRY--TOPICAL TERM
Topical Term DIPLOMA ENGINEERING
942 ## - ADDED ENTRY ELEMENTS (KOHA)
Koha item type Books
Holdings
Lost status Damaged status Collection code Home library Current library Shelving location Date acquired Cost, normal purchase price Full call number Accession Number Koha item type Source of acquisition
    CS/IT JRU Library JRU Library SHELF-56-H 20/05/2016 475.00 660 3585 Books  
    MANAGEMENT JRU Library JRU Library SHELF-50-A 20/05/2016 475.00 660 3586 Books  
    MANAGEMENT JRU Library JRU Library SHELF-50-A 20/05/2016 475.00 660 3587 Books  
    CS/IT JRU Library JRU Library SHELF-56-H 20/05/2016 475.00 660 3588 Books PURCHASE
    CS/IT JRU Library JRU Library SHELF-56-H 20/05/2016 475.00 660 3589 Books  
    CS/IT JRU Library JRU Library SHELF-56-I 28/03/2017 525.00 660 21507 Books PURCHASE
Lost     JRU Library JRU Library   28/03/2017 525.00 660 21508 Books PURCHASE
    CS/IT JRU Library JRU Library SHELF-56-I 19/09/2017 525.00 660 22051 Books Purchase
    CS/IT JRU Library JRU Library SHELF-56-I 19/09/2017 525.00 660 22052 Books Purchase
    CS/IT JRU Library JRU Library SHELF-56-I 19/09/2017 525.00 660 22053 Books Purchase